000 00347nam a2200145Ia 4500
008 230718s9999 xx 000 0 und d
041 _aEng.
082 _a345.05
_bNAR-T
100 _aNaroayana
245 4 _aThe Code of Criminals Procedure, 1973
260 _aPakistan
_bALT publication
_c2010
300 _a1152
650 _aLaw
999 _c29895
_d29895